Statistics for Does Sean Bean Die?

Click here to take the quiz!

General Stats

  • This quiz has been taken 50 times
  • The average score is 9 of 15

Answer Stats

QuestionAnswer% Correct
The Lord of the Rings: The Fellowship of the RingYes
86%
GoldenEyeYes
86%
Black DeathYes
72%
The IslandYes
70%
Patriot GamesYes
67%
EquilibriumYes
67%
The HitcherYes
67%
Percy Jackson & the Olympians: The Lightning ThiefNo
53%
CaravaggioYes
53%
The MartianNo
44%
TroyNo
42%
RoninNo
42%
National TreasureNo
40%
Jupiter AscendingNo
37%
FlightplanNo
23%

Score Distribution

Percentile by Number Answered

Percent of People with Each Score

Your Score History

You have not taken this quiz